00268nam a22001097a 4500020001500000082001400015100002000029245004700049250000700096260004700103300000800150 a0750609974 a658.8 WIL aJohn Wilmshurst aThe Fundamentals and Practice of Marketing a3e aGreat britainbButterworth Heinemannc1999 a324